Welcome to CU Library Online Public Access Catalogue (OPAC)

A PERSONAL ADVENTURE IN PROPHECY; (Record no. 7083)

MARC details
000 -LEADER
fixed length control field 00396nam a22001337a 4500
005 - DATE AND TIME OF LATEST TRANSACTION
control field 20250721183026.0
008 - FIXED-LENGTH DATA ELEMENTS--GENERAL INFORMATION
fixed length control field 250721b |||||||| |||| 00| 0 eng d
050 ## - LIBRARY OF CONGRESS CALL NUMBER
Classification number BS2825
Item number .3 RIN
100 ## - MAIN ENTRY--PERSONAL NAME
Personal name KINCHELOE RAYMONO MCFARLAND
245 ## - TITLE STATEMENT
Title A PERSONAL ADVENTURE IN PROPHECY;
Remainder of title UNDERSTANDING REVELATION
260 ## - PUBLICATION, DISTRIBUTION, ETC.
Place of publication, distribution, etc. WHEATON
Name of publisher, distributor, etc. TYNDALE HOUSE PUBLISHERS
Date of publication, distribution, etc. c1974
300 ## - PHYSICAL DESCRIPTION
Extent viii,214p
942 ## - ADDED ENTRY ELEMENTS (KOHA)
Source of classification or shelving scheme Library of Congress Classification
Koha item type Books
Suppress in OPAC No
999 ## -
-- 7083
-- 7083
Holdings
Withdrawn status Lost status Source of classification or shelving scheme Damaged status Not for loan Collection Home library Current library Shelving location Date acquired Total checkouts Full call number Barcode Date last seen Copy number Price effective from Koha item type
    Library of Congress Classification     Non-fiction Undergraduate Library (Christ Temple) Undergraduate Library (Christ Temple) General stacks 07/21/2025   BS2825.3 KIN ulct00004001 07/21/2025 1 07/21/2025 Books
© 2023-2024 Copyright: Central University Libraries. All Rights Reserved | Created by: Mahone Tech Office